समाजसुधारक आणि अंधश्रथ्‍दा (Record no. 25397)

MARC details
000 -LEADER
fixed length control field 00502nam a2200169Ia 4500
008 - FIXED-LENGTH DATA ELEMENTS--GENERAL INFORMATION
fixed length control field 220531s9999 xx 000 0 und d
041 ## - LANGUAGE CODE
Language code of text/sound track or separate title mar
100 ## - MAIN ENTRY--PERSONAL NAME
Personal name गर्गे स. मा. संपा.
9 (RLIN) 42617
245 ## - TITLE STATEMENT
Title समाजसुधारक आणि अंधश्रथ्‍दा
250 ## - EDITION STATEMENT
Edition statement 1ST
260 ## - PUBLICATION, DISTRIBUTION, ETC. (IMPRINT)
Name of publisher, distributor, etc. Maharashtra andhashradha nirmulan
Date of publication, distribution, etc. 1999
300 ## - PHYSICAL DESCRIPTION
Extent 136
542 ## - INFORMATION RELATING TO COPYRIGHT STATUS
Copyright holder 03-08-2000
650 ## - SUBJECT ADDED ENTRY--TOPICAL TERM
Topical term or geographic name as entry element Sociology
9 (RLIN) 42618
906 ## - LOCAL DATA ELEMENT F, LDF (RLIN)
d 2000-2001
f 7763
Holdings
Withdrawn status Lost status Source of classification or shelving scheme Damaged status Not for loan Collection code Home library Current library Date acquired Vendor Cost, normal purchase price Total Checkouts Total Holds Full call number Barcode Date last seen Bill Date Koha item type Original Barcode
    Dewey Decimal Classification       Shri Siddhivinayak Mahila Mahavidyalaya Shri Siddhivinayak Mahila Mahavidyalaya 03/08/2000 Samiti 50.00   1 /-/B/6383 SSMM-BK-6383 06/08/2022 06/08/2022 Books 010006383